Państwa produkujące najwięcej winogron - Statystyki

Ogólne statystyki
  • Ten quiz został rozwiązany 169 razy
  • Średni wynik to 7 z 10
Statystyki odpowiedzi
Tony w tysiącach Państwo % Poprawnych
8514 Włochy
95%
6673 Hiszpania
94%
6198 Francja
93%
6891 Stany Zjednoczone
88%
13397 Chiny
84%
2920 Indie
68%
2573 Argentyna
63%
3933 Turcja
61%
2500 Chile
57%
2032 Iran
36%
Nie znaleziono quizów pasujących do podanych kryteriów
Rozkład punktacji
Procent ludzi z każdym wynikiem
Percentyl według liczby udzielonych odpowiedzi
Twoja historia wyników
Nie rozwiązałeś tego quizu